000 00452pab a2200181 454500
008 180718b2001 xxu||||| |||| 00| 0 eng d
100 _aChand, Krishan
245 _aTrade unionism and its growth in Punjab
260 _c2001
300 _ap.91-103
362 _aMar
650 _aTrade unions - India - Punjab
650 _aTrade unions
700 _aModi, Sanjay
700 _aSinghal, K.C.
773 _aMan and Development
909 _a48311
999 _c48311
_d48311